00890nam a2200169 a 4500003000900000005001700009007000300026008004100029040002500070082001600095100002900111245017300140246020800313260009300521300001800614505008800632DO-SdBNP20220921120156.0ta110524s1940 dr 000 s spa d aDO-SdBNPbspacBNPHU axxxxbT649c aTolentino Rojas, Vicente13aLa estadística en la República Dominicana y la decisiva influencia del benefactor de la patria en su definitiva y moderna organización. /cVicente Tolentino Rojas aConferencia pronunciado por don Vicente Tolentino Rojas. :bla estadística en la República Dominicana y la decisiva influencia del benefactor de la patria en su definitiva y moderna organización. / aCiudad Trujillo, República Dominicana,bPartido Dominicano, bListín Diario, c1940. a19 p.c24 cm.0 tBosquejo histórico --tLa obra de Trujillo en la estadística --tConclusión /